000 00365nam a2200133Ia 4500
008 230511s2015 xx 000 0 und d
041 _aeng
082 _a333.30954
100 _aDivekar G M
245 _aLaw and Practice of Property Transactions in india
260 _aPune
_bHind Law House
_c2015
300 _a2944
906 _aProperty Transactions in India
999 _c351532
_d351532